LEADER 01158nam1-2200325---450- 001 990008463020403321 005 20081008091251.0 010 $a0-8020-3298-2 035 $a000846302 035 $aFED01000846302 035 $a(Aleph)000846302FED01 035 $a000846302 100 $a20070205d1972----km-y0itay50------ba 101 0 $aeng$afre 102 $aCA 105 $aa-------101yy 200 1 $aInternational geography$epapers submitted to the 22nd international geographical congres, Canada, 1972$d= La géographie internationale$ecommunications présentée au 22e Congrès international de géographie$fedited by Peter Adams and Frederick M. Helleiner 210 $aToronto$cUniversity of Toronto$d1972 215 $a2 v.$cill.$d25 cm 702 1$aAdams,$bPeter 702 1$aHelleiner,$bFrederich M. 710 12$aInternational geographical congress,$d22.$f<1972 ;$eMontreal>$0299925 801 0$aIT$bUNINA$gRICA$2UNIMARC 901 $aBK 912 $a990008463020403321 952 $aU'-02-055$bIst. 9178$fILFGE 952 $aU'-02-056$bIst. 9178$fILFGE 959 $aILFGE 996 $aInternational geography$9729572 997 $aUNINA